000
00223nam a22000857a 4500
008
160719b xxu||||| |||| 00| 0 eng d
100
_9
3068
_a
Mankoo, G.P.S
245
_a
Paper Folding
260
_a
New Delhi
_b
Dreamland Publication
999
_c
2631
_d
2631